| 000 | 00634nam a22001937a 4500 | ||
|---|---|---|---|
| 999 |
_c180678 _d180678 |
||
| 005 | 20210813152218.0 | ||
| 010 | _aENG-129855 | ||
| 020 |
_c1175.00 _a978-93-84402-32-7 |
||
| 035 | _aEN-113387 | ||
| 037 | _bDBAD/PUB | ||
| 082 | _a954.035092 | ||
| 100 | _aMishra,Saroj Kr | ||
| 245 |
_aDr. Bhim Rao Ambedkar: _cSaroj Kr.Mishra _bman of milennium/ |
||
| 250 | _a2018 | ||
| 260 |
_bGyan Geeta Prakashan _c2018 _aDelhi |
||
| 270 |
_k09716234769 _mgyangeetaprakashan@gmail.com _aF-7,GALI NO-1,Panchsheel garden Ext.Naveen Shahdara _bDelhi _e110032 |
||
| 300 |
_a288p. _c24cm (pbk) |
||
| 942 |
_2ddc _cEN _h954.035092 _kSAR |
||